Complete digital design (E-Book) (E-Book) (Record no. 191800)
[ view plain ]
| 000 -LEADER | |
|---|---|
| fixed length control field | 00677 a2200157 4500 |
| 003 - CONTROL NUMBER IDENTIFIER | |
| control field | Nust |
| 005 - DATE AND TIME OF LATEST TRANSACTION | |
| control field | 20170207154024.0 |
| 040 ## - CATALOGING SOURCE | |
| Transcribing agency | Nust |
| 100 ## - MAIN ENTRY--PERSONAL NAME | |
| Personal name | Mark Balch |
| 245 ## - TITLE STATEMENT | |
| Title | Complete digital design (E-Book) (E-Book) |
| Remainder of title | A Comprehensive Guide to Digital Electronics and Computer System Architecture |
| Statement of responsibility, etc. | Mark Balch |
| 260 ## - PUBLICATION, DISTRIBUTION, ETC. | |
| Place of publication, distribution, etc. | New Delhi |
| Name of publisher, distributor, etc. | McGRAW-HILL New York Chicago San Francisco |
| Date of publication, distribution, etc. | © 2003 |
| 300 ## - PHYSICAL DESCRIPTION | |
| Extent | 481 P' |
| 505 ## - FORMATTED CONTENTS NOTE | |
| Formatted contents note | PART 1:- Digital Fundamentals (Page-1) PART 2:- Advanced Digital Systems (Page-145) Part 3:- Analog Basics for Digital Systems (Page-267) PART 4:- Digital System Design in Practice (Page-355) |
| 650 ## - SUBJECT ADDED ENTRY--TOPICAL TERM | |
| Topical term or geographic name entry element | Telecommunication engineering. |
| 651 ## - SUBJECT ADDED ENTRY--GEOGRAPHIC NAME | |
| Geographic name | (E-Book) |
| 942 ## - ADDED ENTRY ELEMENTS (KOHA) | |
| Source of classification or shelving scheme | |
| Koha item type | Book |
| Withdrawn status | Lost status | Source of classification or shelving scheme | Damaged status | Not for loan | Collection code | Permanent Location | Current Location | Date acquired | Total Checkouts | Barcode | Date last seen | Price effective from | Koha item type |
|---|---|---|---|---|---|---|---|---|---|---|---|---|---|
| Military College of Signals (MCS) | Military College of Signals (MCS) | 12/12/2016 | MCSEB-1122 | 12/08/2016 | 12/12/2016 | Book | |||||||
| Military College of Signals (MCS) | Military College of Signals (MCS) | 12/12/2016 | MCSEB-1123 | 12/08/2016 | 12/12/2016 | Book | |||||||
| Military College of Signals (MCS) | Military College of Signals (MCS) | 12/12/2016 | MCSEB-1125 | 12/08/2016 | 12/12/2016 | Book |
